000 00425nam a2200169Ia 4500
008 090711s9999 xx 000 0 und d
082 _b71182
100 _aतिबिले अनंत
245 _aसावज
260 _c1990
300 _a228
600 _aतिबिले अनंत
630 _aसावज
700 _aतिबिले अनंत
730 _aसावज
942 _cBOOK
999 _c304077
_d304077